| 000 | 00482nam a2200181 a 4500 | ||
|---|---|---|---|
| 020 | _a0913250481 | ||
| 040 | _cDLC | ||
| 082 | 0 | 0 | _a633 AME 1987 A041 Or. |
| 245 | 0 | 0 |
_aCorn : _bchemistry and technology / |
| 260 |
_aSt. Paul, Minn., USA : _bAmerican Association of Cereal Chemists, _cc1987. |
||
| 300 |
_a605 p. : _bill. ; _c24 cm. |
||
| 650 | 0 | _aCorn. | |
| 650 | 0 | _aCorn | |
| 650 | 0 | _aCorn products. | |
| 700 | 1 | _aWatson, Stanley A. | |
| 700 | 1 | _aRamstad, Paul E. | |
| 942 | _cEK | ||
| 999 |
_c12070 _d12070 |
||